00605nam a2200193Ia 4500008004100000020001400041082001200055100004500067245004600112250000700158260003200165300002800197500001900225600002700244650001500271942000700286952010300293999001500396240925s9999 xx 000 0 und d a669203483 a600 TOR aTornatzky ,Louis G.; Fleischer, Mitchell 4aThe Processes of Technological Innovation aNA aToronto:bLexingtonc,1990. axv,483p.bNAfPhotocopy aIncludes Index aElectrical Engineering aTechnology cBK 001040708ELaUITUbUITUd2000-10-10eNAl0o600 TORpQ3095r2024-09-25 07:13:01w2024-09-25yBK c5594d5594